Kvalita života v Európskej únii: súčasnosť a perspektíva do budúcnosti diplomová práca

Gespeichert in:
Bibliographische Detailangaben
1. Verfasser: Mitrengová, Diana
Körperschaft: Národohospodárska fakulta EU. Katedra sociálneho rozvoja a práce
Weitere Verfasser: Klimko, Roman, 1985-
Format: Buch
Sprache:Slowakisch
Veröffentlicht: Bratislava 2015
Tags: Tag hinzufügen
Keine Tags, Fügen Sie das erste Tag hinzu!

MARC

LEADER 00000nbm a2200000 4500
001 0201102
005 20161212095531.4
041 0 |a slo 
044 |a SK 
245 1 0 |a Kvalita života v Európskej únii: súčasnosť a perspektíva do budúcnosti  |b diplomová práca  |c Diana Mitrengová ; školiteľ: Roman Klimko 
264 1 |a Bratislava  |c 2015 
300 |a 78 s. 
100 1 |a Mitrengová, Diana 
700 1 |a Klimko, Roman, 1985- 
710 2 |a Národohospodárska fakulta EU. Katedra sociálneho rozvoja a práce